000 00448nam a22001577a 4500
999 _c1904
_d1904
008 200206b ||||| |||| 00| 0 eng d
082 0 0 _a621.81
_bS9686
100 _9974
_aSvensen, Carl L.
245 1 0 _aMachine drawing; a text and problem book for technical students and draftsmen
_cby Carl L Svensen
250 _a3rd
260 _aToronto
_bVan-Nostrand
_c1948
300 _ax,280p.
365 _d15.06
650 0 _aMachine Drawing
942 _cBK